1212 1708 1505 1712 1916 1259 1794 1760 1033 1009 1235 1451 1587 1823 1679 1623 1372 1127 1884 1476 1218 1837 1263 1372 1704 1962 1017 1918 1431 1081 1673 2000 1035 1924 1967 1717 1135 1195 1151 1696 1949 1794 1069 1571 1451 1609 1356 1169 1736 1310 1493 1887 1581 1027 1650 1587 1379 1565 1091 1950 1788 1667 1167 1535 1930 1606 1872 1050 1575 1185 1800 1823 1152 1629 1523 1787 1137 1455 1289 1208 1836 1640 1306 1160 1768 1105 1118 1747 1315 1515 1954 1148 1755 1396 1594 1262 1418 1137 1592 BCNSPRNW ULIB Ver.6.0+V

เปลี่ยนเป็นภาษาไทย

Change to English
 แสดงรายละเอียดบรรณานุกรม
  กลับหน้าหลัก

Brief Record : Get Marc (ISO 2709) : E-mail record : QR code < ปิดหน้าต่าง
LEADER : 00000nam 2200000uu 4500
001    13399113363
003     ULIB
008    111108s2552||||th 000 0 tha d
020    9786115510443
060 04 QY4^bพ256พ 2552
245 00 พยาธิวิทยาคลินิก =^bClinical pathology /^cบรรณาธิการ,พรรธนมณฑน์ อุชชิน ... [และคนอื่นๆ]
246 31 Clinical pathology
250    พิมพ์ครั้งที่ 3
260    กรุงเทพฯ :^bภาควิชาเวชศาสตร์ชันสูตร คณะแพทยศาสตร์จุฬาลงกรณ์มหาวิทยาลัย,^c2552
300    587 หน้า :^bภาพประกอบ ;^c27 ซม.
650  7 พยาธิวิทยาคลินิก
650  7 การวินิจฉัยโรคทางห้องปฏิบัติการ
650  7 เลือด
650  7 โลหิตวิทยา
700 0  พรรธนมณฑน์ อุชชิน,^eบรรณาธิการ
710 2  จุฬาลงกรณ์มหาวิทยาลัย. ^bคณะแพทยศาสตร์.^bภาควิชาเวชศาสตร์ชันสูตร
945    ^p450^l0^i16459
945    ^p450^l0^i16458
995    กัณชพร
999    ^aใช้งานได้ทุกระบบ
รายการนี้ยังไม่มีแท็ก
คุณยังไม่ได้ล็อกอิน คุณสามารถมีกิจกรรมร่วมกับเว็บไซต์ได้ แต่ต้องล็อกอินก่อน ::
  ล็อกอิน

รายการสื่อสารสนเทศ

ลำดับที่ ประเภท เลขเรียก/บาร์โค้ด สถานที่ สถานะ
- ไม่พบข้อมูล -

รายการใกล้เคียง
    หัวเรื่อง [พยาธิวิทยาคลินิก]
    หัวเรื่อง [การวินิจฉัยโรคทางห้องปฏิบัติการ]
    หัวเรื่อง [เลือด]
    หัวเรื่อง [โลหิตวิทยา]

BibComment


ยังไม่เคยถูกคอมเมนท์

คอมเมนท์ทรัพยากรรายการนี้
  คอมเมนท์: พยาธิวิทยาคลินิก ..


 Copyright 2026. Bcnsprnw @Library